Que cultive-t-on ? - Statistiques

Statistiques générales
  • Ce quiz a été pris 90 fois
  • Le résultat moyen est 13 sur 20
Statistiques - réponses
Hint Réponse % Correct
Céréaliculture Céréales
94%
Apiculture Abeilles
93%
Riziculture Riz
91%
Ostréiculture Huîtres
90%
Arboriculture Arbres
87%
Floriculture Fleurs
87%
Viticulture Vigne
87%
Salmoniculture Saumons, truites
84%
Pisciculture Poissons
77%
Saliculture Sel
77%
Sylviculture Forêts
52%
Conchyliculture Coquillages
49%
Mytiliculture Moules
49%
Oléiculture Oliviers
49%
Myciculture Champignons
45%
Aviculture Oiseaux
45%
Sériciculture Vers à soie
45%
Héliciculture Escargots
32%
Acériculture Erables
28%
Pectiniculture Coquilles Saint-Jacques
22%
Aucun quiz correspondant
Distribution des résultats
% des personnes avec chaque résultat
Percentile par nombre de réponses
Votre historique - résultats
Vous n’avez pas pris ce quiz